000 01722nam a2200337 4500
001 177991
003 ES-MaACL
005 20230902094412.0
008 110511s2009 sp acfo |||| |dspa d
017 _aM-22258-2009
020 _a9788492497201
080 _a654.191(460)(091)
080 _a659.3:32
080 _a94(460)"1936/39"
100 1 _aOrozco Galindo, Jesús.
_9146472
245 1 0 _aRadio Nacional de España
_b: nacida para ganar una guerra /
_cJesús Orozco Galindo ; [prólogo, José Antonio Sentís Castaño].
260 _aMadrid :
_bManuscritos :
_b[2009]
300 _a413 p. :
_bil., fot. ;
_c23 cm.
500 _aÍndice onomástico.
502 _aBasado en la tesis del autor.
505 8 _aContiene: I ;
_tLos servicios informativos en RNE - II ;
_tRadio Nacional nacida de un golpe militar - III ;
_tLeyes configuradoras de Radio Nacional de España - IV ;
_tPilares legislativos que alumbraron RNE - V ;
_tLa hora "H" para Radio Nacional - VI ;
_tLos artífices del desarrollo inicial de RNE - VII ;
_tLos informativos de Radio Nacional de España durante la guerra civil - VIII ;
_tLa Radio Nacional entró en Madrid - IX ;
_tPrimero de abril de 1939: ¡La guerra ha terminado!
610 2 7 _aRadio Nacional de España-
_vHistoria.
_9146473
650 0 4 _aMedios de comunicación social-
_xAspectos políticos-
_zEspaña.
_914965
650 4 _aRadiodifusión-
_zEspaña.
_916668
651 7 _aEspaña-
_xHistoria-
_y1936-1939, Guerra civil.
_98292
700 1 _aSentís Castaño, José Antonio.
_9146474
852 _aES-MaACL
_9184850
_bR.145593
_jA-11151
_dOlim: N-4156
_cDEPO1
942 _2udc
_cMONOGRAFIA
999 _c177991
_d177991